000
00273nam a2200121Ia 4500
008
190216s9999||||xx |||||||||||||| ||und||
100
_a
Krishnan S
245
0
_a
Garnered Sheaves
260
_b
Current Books
_c
1994
300
_a
80p
650
_a
English Prose
942
_c
BK
999
_c
13878
_d
13878